Bước đầu tìm hiểu quan hệ giữa các cường quốc trong việc thanh toán chiến tranh thế giới lần thứ II và tổ chức [ lập lại ] hòa bình sau chiến tranh Luận văn tốt nghiệp Đại học Sư phạm ngành Sử Khóa 16
Bewaard in:
| Hoofdauteur: | |
|---|---|
| Formaat: | Boek |
| Taal: | Undetermined |
| Gepubliceerd in: |
Cần Thơ
Trường Đại học Cần Thơ, Khoa Sư phạm, Bộ môn Sử
1994
|
| Onderwerpen: | |
| Tags: |
Voeg label toe
Geen labels, Wees de eerste die dit record labelt!
|
| Thư viện lưu trữ: | Trung tâm Học liệu Trường Đại học Cần Thơ |
|---|
| LEADER | 00889nam a2200193Ia 4500 | ||
|---|---|---|---|
| 001 | CTU_26957 | ||
| 008 | 210402s9999 xx 000 0 und d | ||
| 082 | |a 940 | ||
| 082 | |b K305/1994 | ||
| 100 | |a Phan Văn Kiến | ||
| 245 | 0 | |a Bước đầu tìm hiểu quan hệ giữa các cường quốc trong việc thanh toán chiến tranh thế giới lần thứ II và tổ chức [ lập lại ] hòa bình sau chiến tranh | |
| 245 | 0 | |b Luận văn tốt nghiệp Đại học Sư phạm ngành Sử Khóa 16 | |
| 245 | 0 | |c Phan Văn Kiến | |
| 260 | |a Cần Thơ | ||
| 260 | |b Trường Đại học Cần Thơ, Khoa Sư phạm, Bộ môn Sử | ||
| 260 | |c 1994 | ||
| 650 | |a world war, 1939 - 1945 | ||
| 904 | |i Nguyễn Quang Điền, 981022 | ||
| 980 | |a Trung tâm Học liệu Trường Đại học Cần Thơ | ||